[Event "BL 8586 Lasker-Zehlendorf"]
[Site "?"]
[Date "1985.??.??"]
[Round "?.6"]
[White "Paulsen, D."]
[Black "Lieb, H."]
[Result "1-0"]
[WhiteElo "2345"]
[BlackElo "2275"]
[PlyCount "83"]
[EventDate "1985.??.??"]

1. g3 Nf6 2. Bg2 g6 3. e4 d6 4. d4 Bg7 5. Nc3 O-O 6. h3 e5 7. Nge2 Nc6 8. Be3
Nd7 9. O-O exd4 10. Nxd4 Nde5 11. b3 Nxd4 12. Bxd4 c5 13. Be3 Nc4 14. bxc4 Bxc3
15. Rb1 Bg7 16. Qd3 Be6 17. Rxb7 Qc8 18. Rfb1 Rd8 19. g4 Qc6 20. Qb3 Qa6 21.
Bf1 Bc8 22. Rc7 Qa5 23. Rc6 Bf8 24. Rd1 Rd7 25. Qb5 Qd8 26. e5 Bb7 27. Rxc5 d5
28. Rcxd5 Bxd5 29. cxd5 Rb8 30. Qd3 Qa5 31. c4 Bc5 32. Bxc5 Qxc5 33. Qd4 Qa5
34. c5 Rb4 35. Qe3 Qa4 36. Rd2 Re4 37. Qc3 Rd8 38. c6 Re8 39. d6 Re1 40. d7
Rxf1+ 41. Kxf1 Qb5+ 42. Kg2 1-0

[Event "BL 8586 Kreuzberg-Lasker"]
[Site "?"]
[Date "1985.??.??"]
[Round "?.1"]
[White "Wockenfuss, K."]
[Black "Berg, K."]
[Result "1/2-1/2"]
[WhiteElo "2370"]
[BlackElo "2350"]
[PlyCount "31"]
[EventDate "1985.??.??"]

1. d4 Nf6 2. Nc3 d5 3. Bg5 Nbd7 4. Nf3 g6 5. e3 Bg7 6. Bd3 O-O 7. O-O c6 8. Re1
Re8 9. e4 dxe4 10. Nxe4 Nxe4 11. Bxe4 Nf6 12. Bd3 Bg4 13. Be2 Qb6 14. Rb1 Rad8
15. c3 Qa5 16. Qc1 1/2-1/2

[Event "BL 8586 Kreuzberg-Lasker"]
[Site "?"]
[Date "1985.??.??"]
[Round "?.2"]
[White "King, D."]
[Black "Muse, M."]
[Result "1-0"]
[WhiteElo "2435"]
[BlackElo "2430"]
[PlyCount "77"]
[EventDate "1985.??.??"]

1. e4 c5 2. Nf3 Nc6 3. Bb5 g6 4. O-O Bg7 5. c3 Nf6 6. Re1 O-O 7. d4 cxd4 8.
cxd4 d5 9. e5 Ne4 10. Nc3 Nxc3 11. bxc3 Na5 12. a4 Bg4 13. Ba3 Rc8 14. h3 Bxf3
15. Qxf3 Nc4 16. Bxc4 Rxc4 17. a5 Qd7 18. Bc5 Rc8 19. Re3 Bh6 20. Rd3 a6 21. h4
e6 22. h5 Bf8 23. Bxf8 Kxf8 24. Qf6 Rxc3 25. Rxc3 Rxc3 26. h6 Qc8 27. Kh2 Ke8
28. Qh8+ Ke7 29. Qxh7 Rc2 30. Rf1 Qc4 31. Qg7 Qxf1 32. Qf6+ Kd7 33. Qxf7+ Kc6
34. h7 Rc1 35. Qe8+ Kc7 36. h8=Q Qg1+ 37. Kg3 Rc3+ 38. f3 Rxf3+ 39. Kxf3 1-0

[Event "BL 8586 Kreuzberg-Lasker"]
[Site "?"]
[Date "1985.??.??"]
[Round "?.3"]
[White "Schussler, H."]
[Black "Lehmann, K."]
[Result "1-0"]
[WhiteElo "2465"]
[BlackElo "2225"]
[PlyCount "95"]
[EventDate "1985.??.??"]

1. Nf3 Nf6 2. c4 b6 3. g3 Bb7 4. Bg2 e6 5. O-O Be7 6. d4 O-O 7. Nc3 Ne4 8. Bd2
d5 9. cxd5 Nxc3 10. Bxc3 exd5 11. Ne5 Nd7 12. Qa4 Nxe5 13. dxe5 Qe8 14. Qg4 f5
15. Qf4 Qg6 16. Rad1 Qe6 17. Rd3 c6 18. Rfd1 Rad8 19. Qa4 a5 20. Qb3 Ba6 21.
R3d2 Bc5 22. e3 Kh8 23. a3 Rde8 24. Bd4 Bc4 25. Qc2 Bxd4 26. Rxd4 Ba6 27. f4
Rb8 28. Rc1 Rbc8 29. Rd2 Rfd8 30. Rcd1 Rf8 31. Bh3 Qg6 32. b3 Bb7 33. Qb1 Rcd8
34. Bg2 Qe6 35. b4 axb4 36. Qxb4 c5 37. Qb3 c4 38. Qb4 Rf7 39. Qxc4 Rfd7 40.
Qb4 h6 41. Qb3 Qe7 42. Rd3 Qc5 43. Qb4 Qc7 44. Rc3 Qb8 45. Qxb6 d4 46. Rxd4
Rxd4 47. exd4 Bxg2 48. Qxb8 1-0

[Event "BL 8586 Kreuzberg-Lasker"]
[Site "?"]
[Date "1985.??.??"]
[Round "?.4"]
[White "Grzesik, F."]
[Black "Cladouras, P."]
[Result "1/2-1/2"]
[WhiteElo "2285"]
[BlackElo "2320"]
[PlyCount "101"]
[EventDate "1985.??.??"]

1. e4 e5 2. Nf3 Nc6 3. Bb5 a6 4. Bxc6 dxc6 5. O-O Qd6 6. d4 exd4 7. Nxd4 Bd7 8.
Nc3 O-O-O 9. Be3 Nh6 10. f3 f5 11. Nb3 Qxd1 12. Raxd1 Nf7 13. Nc5 Bxc5 14. Bxc5
Rde8 15. Rf2 g6 16. Re2 b6 17. Bd4 Rhg8 18. Rde1 f4 19. e5 Ng5 20. Ne4 Ne6 21.
Bc3 Rg7 22. h4 c5 23. Ng5 h6 24. Nxe6 Bxe6 25. Kf2 Kb7 26. a3 a5 27. Rd2 Kc6
28. Red1 Rd7 29. Rxd7 Bxd7 30. g3 fxg3+ 31. Kxg3 h5 32. Kf4 Bf5 33. Rd2 a4 34.
Kg5 Kb5 35. Kf6 Re6+ 36. Kf7 Rc6 37. Re2 Be6+ 38. Kg7 Bf5 39. Re1 Kc4 40. Kf7
Re6 41. Rd1 b5 42. Rd7 Rc6 43. Re7 b4 44. Be1 Bxc2 45. e6 Bf5 46. Re8 Kb3 47.
e7 Re6 48. Bxb4 cxb4 49. Rb8 Rxe7+ 50. Kxe7 Kxb2 51. Rxb4+ 1/2-1/2

[Event "BL 8586 Kreuzberg-Lasker"]
[Site "?"]
[Date "1985.??.??"]
[Round "?.6"]
[White "Grzesik, T."]
[Black "Paulsen, D."]
[Result "0-1"]
[WhiteElo "2335"]
[BlackElo "2345"]
[PlyCount "74"]
[EventDate "1985.??.??"]

1. e4 Nf6 2. e5 Nd5 3. d4 d6 4. c4 Nb6 5. exd6 cxd6 6. Nc3 g6 7. h3 Bg7 8. Nf3
O-O 9. Be3 Nc6 10. Rc1 d5 11. c5 Nc4 12. Bxc4 dxc4 13. O-O e5 14. d5 Nb4 15. b3
Nd3 16. Rc2 cxb3 17. Rd2 bxa2 18. Rxa2 e4 19. Nd4 Nb4 20. Rd2 Nxd5 21. Nxd5
Qxd5 22. Nb5 Qc6 23. Qb1 a6 24. Nd6 a5 25. Rb2 a4 26. Rb6 Qc7 27. Qxe4 a3 28.
Nb5 Qe5 29. Qxe5 Bxe5 30. Bd4 Bxd4 31. Nxd4 Rd8 32. Rb4 Ra6 33. Ra1 Rd5 34. Rc4
Bd7 35. Nc2 Rd2 36. Nxa3 Rd3 37. Rb4 Bc6 0-1

[Event "BL 8586 Zehlendorf-HSK"]
[Site "?"]
[Date "1985.??.??"]
[Round "?.2"]
[White "Davies, N."]
[Black "Chandler, M."]
[Result "0-1"]
[WhiteElo "2350"]
[BlackElo "2525"]
[PlyCount "160"]
[EventDate "1985.??.??"]

1. g3 d5 2. Bg2 Nf6 3. Nf3 c6 4. c4 dxc4 5. O-O Nbd7 6. Na3 Nb6 7. Qc2 Be6 8.
Ng5 Qd7 9. Nxe6 Qxe6 10. Re1 g6 11. e4 h5 12. b3 cxb3 13. axb3 h4 14. d4 Bg7
15. Bb2 h3 16. Bh1 O-O 17. Nc4 Rfd8 18. Rad1 Ne8 19. d5 cxd5 20. exd5 Qd7 21.
Ne5 Qc7 22. Qd3 Nf6 23. Nxg6 fxg6 24. Qxg6 Qd7 25. Bxf6 exf6 26. Be4 Kf8 27.
Bf5 Qf7 28. Qxf7+ Kxf7 29. Bxh3 Rd6 30. Be6+ Kf8 31. Rc1 Re8 32. Rc7 Re7 33.
Rxe7 Kxe7 34. Bc8+ Kd8 35. Bxb7 Kc7 36. Re7+ Rd7 37. Rxd7+ Kxd7 38. Kg2 Kc7 39.
Ba6 Kd6 40. Kf3 Nxd5 41. Ke4 Ne7 42. g4 Bh6 43. h4 f5+ 44. gxf5 Ng8 45. f6
Nxf6+ 46. Kf5 Ke7 47. Kg6 Bd2 48. h5 Ng4 49. f4 Ne3 50. h6 Nd5 51. h7 Bc3 52.
f5 Bf6 53. Bc4 Nf4+ 54. Kh6 Kd6 55. Ba6 Ke5 56. Bc8 a5 57. Bd7 Kd5 58. Bc8 Kd6
59. Bb7 Ke5 60. Bc8 Nd5 61. Bd7 Ne7 62. Kh5 Nxf5 63. Kg6 Nd6 64. Bg4 Bh8 65.
Bd7 Kd4 66. Be6 Kc3 67. Bd5 Kb4 68. Be6 Be5 69. Bd5 Bd4 70. Be6 Ne4 71. Bd5 Nd2
72. Kf7 Nxb3 73. Bc6 Be5 74. Kg8 Nd4 75. Be8 Nb5 76. h8=Q Bxh8 77. Kxh8 a4 78.
Kg7 a3 79. Bf7 Nd4 80. Ba2 Kc3 0-1

[Event "BL 8586 Zehlendorf-HSK"]
[Site "?"]
[Date "1985.??.??"]
[Round "?.3"]
[White "Reefschlaeger, H."]
[Black "Riedel, W."]
[Result "1-0"]
[WhiteElo "2395"]
[BlackElo "2310"]
[PlyCount "87"]
[EventDate "1985.??.??"]

1. d4 Nf6 2. c4 g6 3. g3 Bg7 4. Bg2 d6 5. Nf3 O-O 6. O-O c6 7. Nc3 Qa5 8. h3
Be6 9. d5 cxd5 10. Nd4 dxc4 11. Bxb7 Nbd7 12. Bxa8 Rxa8 13. Nxe6 fxe6 14. Qa4
Qh5 15. Kg2 Nb6 16. Qc6 Rf8 17. a4 g5 18. a5 Nbd5 19. Qxc4 g4 20. h4 Nd7 21.
Nxd5 exd5 22. Qc7 Qf5 23. Qxa7 d4 24. Ra3 Qd5+ 25. Kg1 Ne5 26. Bf4 d3 27. Rxd3
Nxd3 28. exd3 e5 29. Be3 Ra8 30. Qd7 h5 31. a6 Bf8 32. a7 Qf7 33. Qc6 Rxa7 34.
Bxa7 Qxa7 35. Qe8 Qh7 36. Qe6+ Kh8 37. Qd5 Qc7 38. b4 Qc3 39. b5 Qb2 40. Qf7
Bg7 41. Qxh5+ Kg8 42. Qxg4 Qxb5 43. Qe6+ Kh7 44. Qxd6 1-0

[Event "BL 8586 Zehlendorf-HSK"]
[Site "?"]
[Date "1985.??.??"]
[Round "?.4"]
[White "Lehmann, H."]
[Black "Wahls, M."]
[Result "0-1"]
[WhiteElo "2285"]
[BlackElo "2285"]
[PlyCount "96"]
[EventDate "1985.??.??"]

1. d4 Nf6 2. Nf3 c5 3. e3 g6 4. c4 Bg7 5. Nc3 O-O 6. Be2 b6 7. O-O d6 8. b3 a6
9. Bb2 e6 10. Qc2 Qc7 11. Rfd1 Bb7 12. Rac1 Re8 13. a3 Nbd7 14. b4 Rac8 15. Qb3
Red8 16. d5 exd5 17. Nxd5 Bxd5 18. cxd5 b5 19. a4 c4 20. Qc2 Qb7 21. axb5 axb5
22. Ng5 Re8 23. Bf3 Ne5 24. Bxe5 Rxe5 25. Ne4 Nxe4 26. Bxe4 Ra8 27. g3 Ra4 28.
Qb1 Re8 29. Bc2 Ra3 30. Rd2 Bc3 31. Re2 Qxd5 32. e4 Qe5 33. Bd1 Ra1 34. Qc2
Bxb4 35. Kg2 Rea8 36. Rb1 R8a2 37. Rxa1 Rxa1 38. Re3 Qd4 39. Bg4 Qd2 40. Re2
Qxc2 41. Rxc2 Bc5 42. Be2 Bd4 43. f4 Rb1 44. Ra2 Rc1 45. Ra8+ Kg7 46. Rc8 Rc2
47. Kf3 h5 48. Rc7 c3 0-1

[Event "BL 8586 Zehlendorf-HSK"]
[Site "?"]
[Date "1985.??.??"]
[Round "?.5"]
[White "Gruenberg, Ra"]
[Black "Dankert, P."]
[Result "1/2-1/2"]
[WhiteElo "2270"]
[BlackElo "2305"]
[PlyCount "33"]
[EventDate "1985.??.??"]

1. d4 Nf6 2. c4 e6 3. Nc3 Bb4 4. e3 c5 5. Nge2 cxd4 6. exd4 O-O 7. a3 Be7 8. d5
exd5 9. cxd5 Bc5 10. b4 Bb6 11. Na4 Re8 12. Nxb6 axb6 13. d6 Nc6 14. Bb2 Ne5
15. Qc2 b5 16. O-O-O Nc4 17. Ng3 1/2-1/2

[Event "BL 8586 Zehlendorf-HSK"]
[Site "?"]
[Date "1985.??.??"]
[Round "?.6"]
[White "Lieb, H."]
[Black "Behrhorst, F."]
[Result "1/2-1/2"]
[WhiteElo "2275"]
[BlackElo "2320"]
[PlyCount "101"]
[EventDate "1985.??.??"]

1. d4 Nf6 2. Nf3 d5 3. c4 e6 4. Nc3 Nbd7 5. cxd5 exd5 6. Bg5 c6 7. e3 Be7 8.
Bd3 O-O 9. Qc2 Re8 10. a3 Ne4 11. Bxe7 Qxe7 12. O-O Nf8 13. Bxe4 dxe4 14. Nd2
Bf5 15. b4 Qe6 16. Ne2 Rad8 17. Nb3 Nd7 18. Na5 Rb8 19. Rac1 Nb6 20. Nb3 Nd5
21. Nc3 Nxc3 22. Qxc3 Qg6 23. Kh1 Qh5 24. f3 exf3 25. gxf3 Bh3 26. Rf2 Qh4 27.
Qd2 Rbd8 28. Rg1 Re7 29. Rg3 f6 30. Re2 b6 31. Qe1 Qh6 32. Qc3 Be6 33. Nd2 Bd5
34. e4 f5 35. Rgg2 fxe4 36. fxe4 Rde8 37. Qd3 Qh5 38. Kg1 Be6 39. Qg3 Bh3 40.
Qg5 Qxg5 41. Rxg5 Rd8 42. Rg3 Bf5 43. Kf2 Bg6 44. Ke3 c5 45. bxc5 bxc5 46. dxc5
Re5 47. Nb3 Rxe4+ 48. Kf2 Rc4 49. Ree3 Rc2+ 50. Re2 Rc4 51. Re7 1/2-1/2

[Event "BL 8586 Zehlendorf-HSK"]
[Site "?"]
[Date "1985.??.??"]
[Round "?.7"]
[White "Wegner, H."]
[Black "Rahls, P."]
[Result "1-0"]
[WhiteElo "2210"]
[BlackElo "2250"]
[PlyCount "71"]
[EventDate "1985.??.??"]

1. d4 c5 2. d5 e5 3. e4 d6 4. Nc3 a6 5. a4 Be7 6. Nf3 Bg4 7. Be2 Bxf3 8. Bxf3
Bg5 9. O-O Bxc1 10. Qxc1 Ne7 11. a5 Nd7 12. Bg4 Nf6 13. Bh3 Ng6 14. g3 h5 15.
Kg2 Rh6 16. Qe3 h4 17. Ne2 Qe7 18. b4 cxb4 19. Rfb1 Nd7 20. Rxb4 Nc5 21. Nc1
Qf6 22. Rab1 hxg3 23. hxg3 Rxh3 24. Kxh3 O-O-O 25. Nd3 Nf4+ 26. Nxf4 exf4 27.
Qxf4 Qxf4 28. gxf4 b5 29. axb6 Kb7 30. f3 Re8 31. Kg4 f6 32. Rc4 Re7 33. Kf5
Rf7 34. Rxc5 dxc5 35. Ke6 Rf8 36. Ke7 1-0

[Event "BL 8586 Zehlendorf-HSK"]
[Site "?"]
[Date "1985.??.??"]
[Round "?.8"]
[White "Albrecht, R."]
[Black "Schulte, O."]
[Result "1/2-1/2"]
[WhiteElo "2250"]
[BlackElo "2345"]
[PlyCount "26"]
[EventDate "1985.??.??"]

1. Nf3 Nf6 2. g3 d5 3. Bg2 b6 4. O-O e6 5. d3 Bb7 6. Nbd2 Nbd7 7. e4 dxe4 8.
Ng5 Nc5 9. Ngxe4 Nfxe4 10. Nxe4 Nxe4 11. Bxe4 Bxe4 12. dxe4 Qxd1 13. Rxd1 Bd6
1/2-1/2

[Event "BL 8586 Bochum-Kreuzberg"]
[Site "?"]
[Date "1985.??.??"]
[Round "?.1"]
[White "Berg, K."]
[Black "Heinbuch, D."]
[Result "1/2-1/2"]
[WhiteElo "2350"]
[BlackElo "2360"]
[PlyCount "32"]
[EventDate "1985.??.??"]

1. e4 c5 2. Nf3 Nc6 3. Bb5 g6 4. O-O Bg7 5. c3 Nf6 6. Re1 O-O 7. d4 cxd4 8.
cxd4 d5 9. e5 Ne4 10. Nc3 Nxc3 11. bxc3 Qa5 12. a4 Bg4 13. Re3 Rac8 14. h3 Bd7
15. Qb3 a6 16. Bf1 Nd8 1/2-1/2

[Event "BL 8586 Bochum-Kreuzberg"]
[Site "?"]
[Date "1985.??.??"]
[Round "?.2"]
[White "Sehner, N."]
[Black "King, D."]
[Result "0-1"]
[WhiteElo "2320"]
[BlackElo "2435"]
[PlyCount "84"]
[EventDate "1985.??.??"]

1. d4 Nf6 2. Nf3 e6 3. c4 c5 4. Nc3 cxd4 5. Nxd4 a6 6. g3 Qc7 7. Qd3 b6 8. Bg2
Bb7 9. O-O Bxg2 10. Kxg2 d6 11. b3 Nbd7 12. Bb2 Be7 13. f3 O-O 14. Rac1 Rfe8
15. Rfd1 Bf8 16. e4 Qb7 17. Rc2 Rac8 18. Rcd2 Rc7 19. Qb1 Ne5 20. Re2 Rec8 21.
Qa1 h6 22. a4 Ned7 23. Qb1 Ne5 24. Ba3 Qa8 25. Nc2 Nfd7 26. Ne3 Nc5 27. Rf2 Re8
28. h3 Be7 29. f4 Ng6 30. b4 Nd7 31. Kh2 b5 32. axb5 Nb6 33. e5 Nxc4 34. Nxc4
Rxc4 35. exd6 Rxc3 36. Bb2 Rf3 37. Rxf3 Qxf3 38. dxe7 Qf2+ 39. Kh1 Nxe7 40. g4
Qf3+ 41. Kh2 Qxf4+ 42. Kg2 Nd5 0-1

[Event "BL 8586 Bochum-Kreuzberg"]
[Site "?"]
[Date "1985.??.??"]
[Round "?.3"]
[White "Lehmann, K."]
[Black "Budde, V."]
[Result "1-0"]
[WhiteElo "2225"]
[BlackElo "2345"]
[PlyCount "49"]
[EventDate "1985.??.??"]

1. e4 c5 2. Nf3 e6 3. c3 d5 4. exd5 exd5 5. d4 Bd6 6. Be2 Ne7 7. dxc5 Bxc5 8.
Nbd2 O-O 9. Nb3 Bb6 10. O-O Bf5 11. Nfd4 Be4 12. Bd3 Nec6 13. Bxe4 dxe4 14. Be3
Nxd4 15. Nxd4 Nd7 16. Qg4 Nf6 17. Qh4 Qd5 18. Rad1 Rfe8 19. Bg5 Bd8 20. g4 Qe5
21. Nf5 Nd5 22. Bxd8 Raxd8 23. c4 Nf6 24. Rxd8 Rxd8 25. Qg5 1-0

[Event "BL 8586 Bochum-Kreuzberg"]
[Site "?"]
[Date "1985.??.??"]
[Round "?.4"]
[White "Beckemeyer, W."]
[Black "Grzesik, F."]
[Result "1-0"]
[WhiteElo "2320"]
[BlackElo "2285"]
[PlyCount "67"]
[EventDate "1985.??.??"]

1. e4 Nf6 2. e5 Nd5 3. d4 d6 4. Be2 dxe5 5. dxe5 Nc6 6. Nf3 Bg4 7. c3 e6 8. Qa4
Bxf3 9. Bxf3 Qd7 10. Qe4 O-O-O 11. O-O Nde7 12. Na3 Qd5 13. Qf4 Qxe5 14. Qxf7
Qf5 15. Qxf5 exf5 16. Nc4 h6 17. h4 g6 18. Bf4 Rg8 19. Rad1 Rxd1 20. Bxd1 Bg7
21. Bb3 Rd8 22. Re1 Nd5 23. Bc1 b5 24. Na3 b4 25. Re6 bxa3 26. Rxc6 axb2 27.
Bxb2 Ne7 28. Re6 Kd7 29. Ba3 Re8 30. Re3 c6 31. Bf7 Bf6 32. Bxe8+ Kxe8 33. Bxe7
Bxe7 34. Re6 1-0

[Event "BL 8586 Bochum-Kreuzberg"]
[Site "?"]
[Date "1985.??.??"]
[Round "?.5"]
[White "Konieczka, F."]
[Black "Fleck, J."]
[Result "1/2-1/2"]
[WhiteElo "2240"]
[BlackElo "2390"]
[PlyCount "100"]
[EventDate "1985.??.??"]

1. Nf3 g6 2. g3 Bg7 3. Bg2 f5 4. d3 Nf6 5. O-O d6 6. c3 c6 7. Nbd2 O-O 8. e4 e5
9. Qb3+ Kh8 10. exf5 gxf5 11. Ng5 Qe7 12. Re1 h6 13. Ngf3 Be6 14. Qa3 Qc7 15.
Nc4 Ne8 16. Nfxe5 dxe5 17. Nxe5 Rf6 18. Bf4 Qd8 19. Qb4 Qb6 20. Qe7 Na6 21. b4
Kg8 22. Nd7 Bxd7 23. Qxd7 Rf8 24. Re7 Bf6 25. Qe6+ Kh8 26. Be5 Qd8 27. Re1 Nac7
28. Bxf6+ Rxf6 29. Qe3 Qd6 30. f4 Ng7 31. Qe5 Rc8 32. d4 Qxe5 33. dxe5 Re6 34.
Rd7 Kg8 35. c4 Kf8 36. Red1 Re7 37. b5 cxb5 38. Bxb7 Rce8 39. cxb5 Nxb5 40. Bc6
Nc3 41. R1d6 Rxd7 42. Rxd7 Re7 43. Rd6 h5 44. Rh6 Re6 45. Rh8+ Kf7 46. Bf3 Ra6
47. Rc8 Ra3 48. Rc7+ Kg6 49. Rc6+ Kf7 50. Rc7+ Kg6 1/2-1/2

[Event "BL 8586 Bochum-Kreuzberg"]
[Site "?"]
[Date "1985.??.??"]
[Round "?.6"]
[White "Sonntag, H."]
[Black "Grzesik, T."]
[Result "1-0"]
[WhiteElo "2305"]
[BlackElo "2335"]
[PlyCount "94"]
[EventDate "1985.??.??"]

1. Nf3 d5 2. d4 Nf6 3. c4 e6 4. Nc3 Be7 5. Bg5 h6 6. Bh4 O-O 7. e3 b6 8. cxd5
Nxd5 9. Nxd5 exd5 10. Bxe7 Qxe7 11. Rc1 Be6 12. Qa4 c5 13. dxc5 bxc5 14. Qa3
Rc8 15. Bb5 Qb7 16. Be2 Qb6 17. O-O Nd7 18. Rfd1 a5 19. Ne1 Qb4 20. Qc3 Qxc3
21. Rxc3 Rcb8 22. b3 a4 23. Bf3 axb3 24. axb3 d4 25. exd4 cxd4 26. Rxd4 Ra1 27.
Rd1 Rxd1 28. Bxd1 Nf6 29. Rc1 Rb7 30. Rb1 Nd5 31. Bf3 Re7 32. Bxd5 Bxd5 33. Nd3
Rc7 34. Rc1 Rb7 35. Nc5 Ra7 36. Rb1 g6 37. h3 Ra5 38. b4 Rb5 39. Rb2 Bc4 40. f3
Kg7 41. Kf2 Kf6 42. Ke3 Ke5 43. f4+ Kd5 44. Ne4 Rb8 45. Nc3+ Kc6 46. Kd4 Bf1
47. b5+ Kb7 1-0

[Event "BL 8586 Bochum-Kreuzberg"]
[Site "?"]
[Date "1985.??.??"]
[Round "?.7"]
[White "Dietze, F."]
[Black "Backwinkel, P."]
[Result "0-1"]
[WhiteElo "2270"]
[BlackElo "2350"]
[PlyCount "88"]
[EventDate "1985.??.??"]

1. d4 c5 2. d5 Nf6 3. c4 a6 4. Nc3 b5 5. cxb5 axb5 6. Nxb5 d6 7. Nc3 Ba6 8. Nf3
g6 9. g3 Bg7 10. e4 Qb6 11. Be2 Bxe2 12. Qxe2 Qa6 13. Nb5 O-O 14. O-O Nbd7 15.
Bf4 Nb6 16. Rfe1 Qb7 17. Na3 Ra4 18. Qc2 Rfa8 19. Bd2 Nxe4 20. Rxe4 Rxe4 21.
Qxe4 Rxa3 22. bxa3 Bxa1 23. Qb1 Bg7 24. Qb5 Bf8 25. Kg2 Qa7 26. a4 Nxd5 27. a5
f6 28. a6 Nc7 29. Qb7 Qxa6 30. Qxc7 Qxa2 31. Qc8 Kf7 32. Qh3 h5 33. Qd7 Qd5 34.
h3 c4 35. Qa7 Qe4 36. Qa3 d5 37. Qe3 Qxe3 38. fxe3 e5 39. Bc3 Ke6 40. Kf2 g5
41. g4 hxg4 42. hxg4 Bc5 43. Ke2 Bb6 44. Bb4 e4 0-1

[Event "BL 8586 Bochum-Kreuzberg"]
[Site "?"]
[Date "1985.??.??"]
[Round "?.8"]
[White "Ueter, H."]
[Black "Bachmann, A."]
[Result "1-0"]
[WhiteElo "2270"]
[BlackElo "2235"]
[PlyCount "69"]
[EventDate "1985.??.??"]

1. e4 d6 2. d4 Nf6 3. f3 c5 4. dxc5 Qa5+ 5. Nd2 Qxc5 6. Nb3 Qc7 7. Ne2 g6 8.
Nc3 Bg7 9. Bg5 Be6 10. Qd2 Nbd7 11. O-O-O a6 12. Kb1 b5 13. Nd4 Bc4 14. Bxc4
bxc4 15. Bh6 Bxh6 16. Qxh6 Rb8 17. Rhe1 Qc5 18. Nd5 Qa3 19. Nb5 Qa5 20. Nxd6+
exd6 21. Qg7 Rf8 22. Nxf6+ Nxf6 23. Qxf6 Qe5 24. Qxe5+ dxe5 25. Rd5 Rb5 26.
Red1 f5 27. Rxb5 axb5 28. Rd5 fxe4 29. Rxe5+ Kd7 30. Rxe4 Kd6 31. a4 Kc6 32.
axb5+ Kxb5 33. Re5+ Kb6 34. Re7 Rd8 35. Kc1 1-0

[Event "BL 8586 Solingen-Zehlendorf"]
[Site "?"]
[Date "1985.??.??"]
[Round "?.1"]
[White "Pritchett, C."]
[Black "Huebner, R."]
[Result "1/2-1/2"]
[WhiteElo "2395"]
[BlackElo "2620"]
[PlyCount "61"]
[EventDate "1985.??.??"]

1. e4 e6 2. d4 d5 3. Nc3 Bb4 4. e5 Ne7 5. a3 Bxc3+ 6. bxc3 c5 7. Nf3 Bd7 8. Be2
Ba4 9. O-O Qc7 10. dxc5 Nd7 11. Be3 Nf5 12. Bd4 Nxc5 13. Bxc5 Qxc5 14. Rb1 b6
15. Rb4 Bd7 16. Bd3 Ne7 17. Qd2 h6 18. Rg4 Kf8 19. a4 Rc8 20. c4 Bc6 21. cxd5
Bxd5 22. Nd4 Bc4 23. Qf4 Kg8 24. Bxc4 Qxc4 25. h4 h5 26. Rg3 Ng6 27. Qe4 Rc5
28. Rg5 Rd5 29. c3 Qxa4 30. g4 Qa5 31. Nxe6 1/2-1/2

[Event "BL 8586 Solingen-Zehlendorf"]
[Site "?"]
[Date "1985.??.??"]
[Round "?.2"]
[White "Lobron, E."]
[Black "Davies, N."]
[Result "1-0"]
[WhiteElo "2525"]
[BlackElo "2350"]
[PlyCount "83"]
[EventDate "1985.??.??"]

1. Nf3 g6 2. e4 Bg7 3. d4 d6 4. c3 Nf6 5. Bd3 O-O 6. O-O c5 7. h3 cxd4 8. cxd4
Nc6 9. Nc3 e5 10. dxe5 dxe5 11. Be3 Qe7 12. Rc1 Rd8 13. Qe2 Be6 14. Ng5 Nh5 15.
Nxe6 fxe6 16. g3 Qf6 17. Bc4 Nf4 18. gxf4 exf4 19. Qg4 fxe3 20. fxe3 Qe5 21.
Qxe6+ Kh8 22. Qxe5 Nxe5 23. Nd5 Rac8 24. Bb3 h5 25. Kg2 Kh7 26. Rfd1 Kh6 27.
Rxc8 Rxc8 28. Nf4 Rc7 29. Ne6 Rd7 30. Nd4 Bf6 31. Kf2 Rd8 32. Ke2 Be7 33. Rc1
Rf8 34. Ne6 Rf3 35. Rc8 Bf6 36. Rf8 g5 37. Nd4 g4 38. Nxf3 gxf3+ 39. Kf1 Kg5
40. Bd1 Kg6 41. Rg8+ Kf7 42. Rb8 1-0

[Event "BL 8586 Solingen-Zehlendorf"]
[Site "?"]
[Date "1985.??.??"]
[Round "?.3"]
[White "Riedel, W."]
[Black "Short, N."]
[Result "0-1"]
[WhiteElo "2310"]
[BlackElo "2575"]
[PlyCount "80"]
[EventDate "1985.??.??"]

1. f4 Nf6 2. Nf3 d5 3. e3 Bg4 4. Be2 c6 5. O-O Nbd7 6. d4 e6 7. c3 h6 8. Bd2
Bd6 9. Be1 Bxf3 10. Bxf3 g5 11. g3 Qe7 12. Nd2 O-O-O 13. Kh1 Rdg8 14. Qe2 h5
15. fxg5 Rxg5 16. e4 dxe4 17. Nxe4 Nxe4 18. Bxe4 Nf6 19. Bg2 Ng4 20. Bh3 f5 21.
Bxg4 Rxg4 22. Rf3 Re4 23. Re3 Rxe3 24. Qxe3 Bc7 25. c4 Qd6 26. Qf2 Rg8 27. Rd1
Rg4 28. b3 b6 29. Rd3 Qd7 30. Qe3 Re4 31. Qd2 Qg7 32. Bf2 Qg4 33. Re3 Rxd4 34.
Qb4 h4 35. Rxe6 Qf3+ 36. Kg1 h3 37. Kf1 Rd1+ 38. Re1 Bd6 39. c5 Bxc5 40. Qf4
Qd3+ 0-1

[Event "BL 8586 Solingen-Zehlendorf"]
[Site "?"]
[Date "1985.??.??"]
[Round "?.5"]
[White "Dankert, P."]
[Black "Lau, R."]
[Result "0-1"]
[WhiteElo "2305"]
[BlackElo "2460"]
[PlyCount "84"]
[EventDate "1985.??.??"]

1. d4 Nf6 2. Nf3 e6 3. c4 b6 4. a3 Bb7 5. Nc3 d5 6. cxd5 Nxd5 7. Qc2 Nxc3 8.
bxc3 Nd7 9. e4 c5 10. Bd3 Qc7 11. Qb1 Be7 12. O-O O-O 13. Re1 Rfd8 14. Bb2 Rac8
15. Re3 Nb8 16. Qe1 Bf8 17. Rd1 h6 18. Qe2 g6 19. d5 c4 20. Bc2 Bc5 21. dxe6
Rxd1+ 22. Bxd1 Bxe3 23. exf7+ Qxf7 24. Qxe3 Re8 25. Bc2 Nd7 26. Nd4 Ne5 27. f3
h5 28. h3 Ba6 29. Bc1 Nd3 30. Bd2 Qf6 31. f4 Bb7 32. e5 Qf7 33. e6 Qf6 34. Bxd3
cxd3 35. Qxd3 Re7 36. f5 gxf5 37. Bf4 Be4 38. Qc4 Kh7 39. Bd6 Rg7 40. g3 Qg5
41. e7 Qe3+ 42. Kf1 Bd3+ 0-1

[Event "BL 8586 Solingen-Zehlendorf"]
[Site "?"]
[Date "1985.??.??"]
[Round "?.6"]
[White "Dueball, J."]
[Black "Lieb, H."]
[Result "1-0"]
[WhiteElo "2445"]
[BlackElo "2275"]
[PlyCount "103"]
[EventDate "1985.??.??"]

1. d4 d5 2. c4 c6 3. Nf3 Nf6 4. Nc3 e6 5. cxd5 exd5 6. Bg5 Be7 7. Qc2 Nbd7 8.
e3 Nf8 9. Bd3 Ne6 10. Bxf6 Bxf6 11. O-O g6 12. b4 a6 13. a4 O-O 14. Rac1 Ng7
15. b5 axb5 16. axb5 Bf5 17. bxc6 bxc6 18. Bxf5 Nxf5 19. Na4 Ne7 20. Nc5 Qc7
21. Rb1 Ra5 22. Rfc1 Rfa8 23. g3 Ra2 24. Rb2 Rxb2 25. Qxb2 Ra5 26. Qb7 Qxb7 27.
Nxb7 Rb5 28. Nc5 Kg7 29. Ne1 h5 30. Ned3 Ra5 31. Rb1 Ra8 32. Rb6 Rc8 33. Kg2
Kf8 34. Nd7+ Kg7 35. Nb4 Rc7 36. Nb8 h4 37. N8xc6 Rd7 38. Rb5 hxg3 39. hxg3
Nxc6 40. Nxc6 Bd8 41. Nb4 Ra7 42. Nxd5 Ra2 43. Rb8 Bg5 44. Kf3 Ra5 45. Ke4 f5+
46. Ke5 Bf6+ 47. Ke6 Ra6+ 48. Rb6 Rxb6+ 49. Nxb6 Bd8 50. Nc4 Kf8 51. d5 Ke8 52.
d6 1-0

[Event "BL 8586 Solingen-Zehlendorf"]
[Site "?"]
[Date "1985.??.??"]
[Round "?.7"]
[White "Rahls, P."]
[Black "Ostermeyer, P."]
[Result "1/2-1/2"]
[WhiteElo "2250"]
[BlackElo "2485"]
[PlyCount "103"]
[EventDate "1985.??.??"]

1. e4 c5 2. c3 Nf6 3. e5 Nd5 4. Nf3 Nc6 5. d4 cxd4 6. cxd4 d6 7. Bc4 e6 8. O-O
Be7 9. Qe2 O-O 10. Nc3 dxe5 11. dxe5 Nxc3 12. bxc3 Qa5 13. Re1 Rd8 14. Bd2 b6
15. Qe4 Bb7 16. Ng5 g6 17. Qh4 h5 18. Qf4 Bxg5 19. Qxg5 Rxd2 20. Qxd2 Nxe5 21.
Bb3 Qc5 22. Qe2 Ng4 23. h3 Qc6 24. Qf1 Nh6 25. Rac1 Nf5 26. Bc2 Qc5 27. Bxf5
Qxf5 28. Qe2 Qg5 29. f3 Rc8 30. Qe3 Qxe3+ 31. Rxe3 Rc4 32. Rc2 Bd5 33. Kf2 Kg7
34. Rd3 b5 35. Rd4 Rc5 36. Ke3 a6 37. Rb4 Bc4 38. Rd2 a5 39. Rbb2 e5 40. Rd6 a4
41. Rb6 Bf1 42. Rf2 Bc4 43. Rd2 Be6 44. Rb2 Rxc3+ 45. Kd2 Ra3 46. R6xb5 Kf6 47.
Rb6 Kf5 48. Ke2 Bxa2 49. R2b4 Be6 50. h4 Ra2+ 51. Kf1 a3 52. Ra4 1/2-1/2

[Event "BL 8586 Kreuzberg-Solingen"]
[Site "?"]
[Date "1985.??.??"]
[Round "?.2"]
[White "King, D."]
[Black "Lobron, E."]
[Result "1-0"]
[WhiteElo "2435"]
[BlackElo "2525"]
[PlyCount "61"]
[EventDate "1985.??.??"]

1. e4 e6 2. d4 d5 3. Nc3 Bb4 4. e5 Ne7 5. a3 Bxc3+ 6. bxc3 c5 7. Nf3 Nbc6 8. a4
Qa5 9. Bd2 Bd7 10. Be2 f6 11. Rb1 Qc7 12. Bf4 Ng6 13. Bg3 f5 14. h4 c4 15. h5
Nge7 16. h6 gxh6 17. Rxh6 Ng6 18. Ng5 f4 19. Bh2 Nce7 20. Bg4 Qc6 21. Qf3 Ng8
22. Rxh7 Rxh7 23. Nxh7 O-O-O 24. Bxf4 Nxf4 25. Qxf4 Qxa4 26. Kd2 Qa2 27. Rh1 b5
28. Qf3 Qb2 29. Nf8 b4 30. Nxd7 Kxd7 31. Qxd5+ 1-0